The history and antiquities of the county palatine, of Durham (Record no. 113742)

MARC details
000 -LEADER
fixed length control field 00688cam a22001935a 4500
001 - CONTROL NUMBER
control field L155671
008 - FIXED-LENGTH DATA ELEMENTS--GENERAL INFORMATION
fixed length control field 120402s1794 xxk f 000 0 eng d
035 ## - SYSTEM CONTROL NUMBER
System control number (Sirsi) u155671
041 0# - LANGUAGE CODE
Language code of text/sound track or separate title eng
100 1# - MAIN ENTRY--PERSONAL NAME
Personal name Hutchinson, William
Dates associated with a name 1732-1814
245 04 - TITLE STATEMENT
Title The history and antiquities of the county palatine, of Durham
Remainder of title by William Hutchinson F.A.S. ...
260 ## - PUBLICATION, DISTRIBUTION, ETC.
Place of publication, distribution, etc. Newcastle
Name of publisher, distributor, etc. printed for Mr. S. Hodgson; & Messrs: Robinsons, London
Date of publication, distribution, etc. MDCCLXXXV. [1785]-94
300 ## - PHYSICAL DESCRIPTION
Extent 3v.,plates
Other physical details port.
Dimensions 4o
520 ## - SUMMARY, ETC.
Summary, etc. Library holds volume III only.
583 ## - ACTION NOTE
Action Condition reviewed
Time/date of action 20120620
Status condition level 4
651 #4 - SUBJECT ADDED ENTRY--GEOGRAPHIC NAME
Geographic name England
Chronological subdivision 886-
690 ## - LOCAL SUBJECT ADDED ENTRY--TOPICAL TERM (OCLC, RLIN)
Topical term or geographic name as entry element Conservation and restoration
942 ## - ADDED ENTRY ELEMENTS (KOHA)
Suppress in OPAC 0
Holdings
Withdrawn status Lost status Source of classification or shelving scheme Damaged status Not for loan Home library Current library Shelving location Date acquired Total Checkouts Full call number Barcode Date last seen Copy number Price effective from Koha item type
    Dewey Decimal Classification     Historic collection Historic collection Historic collection 02/04/2012   QUARTO 1794 HUTCHINSON 30077933 06/08/2019 1 06/08/2019 Book